| 000 | 00471cam a2200193ua 4500 | ||
|---|---|---|---|
| 001 | 4268 | ||
| 005 | 20260515113817.0 | ||
| 008 | 111222n ii |||gr||||Z||||||asm | ||
| 040 | _cMAIN | ||
| 082 | _a891.4513 | ||
| 100 | 1 | _aBaruah, Atul Chandra, | |
| 245 | 1 | 1 |
_aUlat-palot _cby Atul Chandra Baruah |
| 250 | _a2nd. | ||
| 260 |
_aGuwahati: _bHiran prabha Baruah,957. |
||
| 300 |
_a42p: _c23cm. |
||
| 653 | _aAssamese short stories | ||
| 653 | _aUlat-palot | ||
| 942 | _cBK | ||
| 999 |
_c4085 _d4085 |
||